| 000 | 00341nam a2200145 a 4500 | ||
|---|---|---|---|
| 001 | 1576 | ||
| 003 | CDMR | ||
| 005 | 20130116135212.0 | ||
| 008 | 130130s1990||||||||||||||||||||||||||||d | ||
| 040 |
_aCDMR _bcat _cCDMR |
||
| 100 | 1 |
_aKozlík, Vladimír _91181 |
|
| 245 | 1 | 0 |
_aHovory _cKOZLÍK, Vladimír |
| 260 |
_as.l. _c1990 _bProstor |
||
| 942 | _cMON | ||
| 999 |
_c1576 _d1576 |
||